CONCISE INORGANIC CHEMISTRY (Record no. 22944)

MARC details
000 -LEADER
fixed length control field 00345nam a22001577a 4500
003 - CONTROL NUMBER IDENTIFIER
control field SGT
020 ## - INTERNATIONAL STANDARD BOOK NUMBER
International Standard Book Number 9788126515547
082 ## - DEWEY DECIMAL CLASSIFICATION NUMBER
Classification number 615.19
Item number C19L
100 ## - MAIN ENTRY--PERSONAL NAME
Personal name LEE, J. D
245 ## - TITLE STATEMENT
Title CONCISE INORGANIC CHEMISTRY
260 ## - PUBLICATION, DISTRIBUTION, ETC. (IMPRINT)
Place of publication, distribution, etc NEW DELHI
Name of publisher, distributor, etc WILEY
Year of Publication 2019
300 ## - PAGE DESCRIPTION
No. of Pages 1032
650 ## - SUBJECT ADDED ENTRY--TOPICAL TERM
Topical term or geographic name as entry element CHEMISTRY
653 ## - KEYWORDS--INDEX TERM
Keyword term CONCISE INORGANIC
942 ## - ADDED ENTRY ELEMENTS (KOHA)
Source of classification or shelving scheme Dewey Decimal Classification
Koha item type Books
Holdings
Withdrawn status Lost status Source of classification or shelving scheme Damaged status Not for loan Collection code Home library Current library Shelving location Date acquired Vendor Name Cost, normal purchase price SGTU Bill Number Total Checkouts Full call number Accession No. (Barcode) Date last seen Bill Date Koha item type Use restrictions
    Dewey Decimal Classification     PHARMACY SGT FA-FP Library SGT FA-FP Library Text Book 27/06/2022 AHUJA PUBLICATION 925.00 SGTU 14474   615.19 C19L FP4313 27/06/2022 19/05/2022 Books  
    Dewey Decimal Classification     PHARMACY SGT FA-FP Library SGT FA-FP Library Text Book 27/06/2022 AHUJA PUBLICATION 925.00 SGTU 14474   615.19 C19L FP4314 27/06/2022 19/05/2022 Books  
    Dewey Decimal Classification     PHARMACY SGT FA-FP Library SGT FA-FP Library Reference Book 27/06/2022 AHUJA PUBLICATION 925.00 SGTU 14474   615.19 C19L FP4315 27/06/2022 19/05/2022 Books Restricted Access
    Dewey Decimal Classification     PHARMACY SGT FA-FP Library SGT FA-FP Library Text Book 27/06/2022 AHUJA PUBLICATION 925.00 SGTU 14474   615.19 C19L FP4316 27/06/2022 19/05/2022 Books  
    Dewey Decimal Classification     PHARMACY SGT FA-FP Library SGT FA-FP Library Text Book 27/06/2022 AHUJA PUBLICATION 925.00 SGTU 14474   615.19 C19L FP4317 27/06/2022 19/05/2022 Books